| 000 | 01468cam a22002294a 4500 | ||
|---|---|---|---|
| 005 | 20250605164235.0 | ||
| 008 | 250528s ||||||||||||||||||||||||d | ||
| 035 | _a21127 | ||
| 020 | _a9780495506485 | ||
| 040 |
_aGR-AtMCL _bgre _dGR-AtMCL _eAACR2 |
||
| 245 | 1 | _aDeath and Dying, Life and Living / Sixth Edition | |
| 250 | _a6th | ||
| 260 |
_bWadsworth Cengage Learning, _c2009 |
||
| 300 | _a714 | ||
| 520 | _aLearning about Death and Dying and Bereavement, Education about Death and Dying and Bereavement, Death, Changing Encounters with Death, Changing Attitudes Towards Death, Death-Related Practices and the American Death System, Cultural Differences and Death, Dying, Copying with Dying, Copying with Dying: How Individuals Can Help, Copying with Dying: How Communities Can Help, Bereavement, Coping with Loss and Grief, Coping with Loss and Grief: Funeral Practices and Other Ways, Developmental Perspectives, Children, Adolescents, Young and Middle-Aged Adults, Older Adults, Legal and Conceptual and Moral Issues, Legal Issues, Suicide and Life-Threatening Behavior, Assisted Suicide and Euthanasia: Intentionally Ending a Human Life, The Meaning and Place of Death in Life, An Example of a Specific Disease Entity, Illustrating the Themes of This Book, References, Name and Subject Index. | ||
| 700 | 1 |
_aCorr Charles A _97157 |
|
| 700 | 1 |
_aCorr Donna M _97158 |
|
| 700 | 1 |
_aNabe Clyde M _97159 |
|
| 942 | _cBK | ||
| 999 |
_c6195 _d6195 |
||